| 000 | 00851nam a2200205Ia 4500 | ||
|---|---|---|---|
| 003 | GCL | ||
| 008 | 140319s9999 xx 000 0 ara d | ||
| 020 | _a144322977 | ||
| 040 |
_aGCL / _cGCL |
||
| 082 | 0 | 4 |
_a940.18 _bك ع |
| 100 | 1 | _aكمال بن مارس | |
| 245 | 1 | 0 |
_aالعلاقات الاقليمية والحروب الصليبية : _bالموصل وحلب من 464 - 583هـ \ 1071 - 1187م / _cكمال بن مارس |
| 250 | _aالاولى | ||
| 260 |
_aالقاهرة : _bعين للدراسات والبحوث الانسانية والاجتماعية ، _c2004 |
||
| 300 |
_a208 ص ؛ _c24 سم |
||
| 650 | 0 | 4 | _aالحروب الصليبية فى فلسطين والشام |
| 650 | 0 | 4 | _aالموصل - تاريخ - الحروب الصليبية |
| 650 | 0 | 4 | _aحلب - تاريخ - الحروب الصليبية |
| 942 |
_2ddc _cBK |
||
| 999 |
_c8737 _d8737 |
||